Normal view
MARC view
Entry Personal Name
001 - CONTROL NUMBER
- control field: 236223
003 - CONTROL NUMBER IDENTIFIER
- control field: OSt
005 - DATE AND TIME OF LATEST TRANSACTION
- control field: 20250818154147.0
008 - FIXED-LENGTH DATA ELEMENTS
- fixed length control field: 250818|| aca||aabn | a|a d
040 ## - CATALOGING SOURCE
- Original cataloging agency: OSt
- Transcribing agency: OSt
100 ## - HEADING--PERSONAL NAME
- Personal name: Niranjana:
- Dates associated with a name: ನಿರಂಜನ tr
670 ## - SOURCE DATA FOUND
- Source citation: Work cat.: (OSt)78571: SHOLOKHOV (Mikhail): ಶೋಲೋಖೋವ್ ಮಿಖಾಯಿಲ್ 176413, Manavana padu, 1967